000 00558 a2200205 4500
001 sjds
003 sjds
005 20240423195839.0
008 240423b |||||||| |||| 00| 0 spa d
020 _a9788466214193
020 _a8466214194
040 _csjds
041 _aspa
110 _aRaton Sabio
245 _aAprendo las formas /
_cRaton Sabio
260 _aMadrid :
_bEditorial Libsa,
_c2011
300 _a1 volume (sin paginacion) :
_bil. color ;
_c21 cm
440 _a Mi primer libro electronico de preguntas y respuestas
_nvol 4
942 _cBK
999 _c29453
_d29451